[Event "FIDE World Blitz 2014"]
[Site "Dubai UAE"]
[Date "2014.06.19"]
[Round "1.2"]
[White "Ipatov, Alexander"]
[Black "Karjakin, Sergey"]
[Result "0-1"]
[WhiteTitle "GM"]
[BlackTitle "GM"]
[WhiteElo "2613"]
[BlackElo "2771"]
[WhiteFideId "14116731"]
[BlackFideId "14109603"]
[EventDate "2014.06.19"]

1. b3 e5 2. Bb2 Nc6 3. e3 Nf6 4. Bb5 Bd6 5. Na3 e4 6. Nc4 Be7 7. Bxc6 bxc6 8. d3
O-O 9. Ne2 d5 10. Nd2 exd3 11. cxd3 c5 12. Qc2 Re8 13. O-O Bd6 14. Ng3 Bg4 15.
Rae1 h5 16. f3 Bc8 17. e4 h4 18. Ne2 Ba6 19. Nc3 dxe4 20. Ncxe4 Nxe4 21. Rxe4
Bf8 22. Rxe8 Qxe8 23. Nc4 Rd8 24. Bc3 Qd7 25. Rd1 h3 26. g3 Qf5 27. Qe2 Bb7 28.
Rf1 Rxd3 29. Ne3 Qg6 30. Be5 c4 31. Nxc4 0-1

[Event "FIDE World Blitz 2014"]
[Site "Dubai UAE"]
[Date "2014.06.19"]
[Round "1.6"]
[White "Kryvoruchko, Yuriy"]
[Black "Anand, Viswanathan"]
[Result "1-0"]
[WhiteTitle "GM"]
[BlackTitle "GM"]
[WhiteElo "2707"]
[BlackElo "2785"]
[WhiteFideId "14109182"]
[BlackFideId "5000017"]
[EventDate "2014.06.19"]

1. e4 e5 2. Nf3 Nc6 3. Nc3 Nf6 4. d4 exd4 5. Nxd4 Bb4 6. Nxc6 bxc6 7. Bd3 O-O 8.
O-O Re8 9. Bg5 h6 10. Bh4 Bxc3 11. bxc3 g5 12. Bg3 Nxe4 13. f4 d6 14. Bxe4 Rxe4
15. Qh5 Qf6 16. fxg5 Qg6 17. Qxg6+ fxg6 18. gxh6 Bf5 19. Rab1 Ra4 20. Rb7 Rc8
21. Re1 Kh7 22. Bxd6 Kxh6 23. Bxc7 g5 24. Be5 Rxa2 25. h3 Rxc2 26. Rxa7 g4 27.
Bf4+ Kg6 28. hxg4 Bxg4 29. Re5 Bf5 30. g4 Bxg4 31. Rg5+ Kf6 32. Rxg4 Kf5 33. Rh4
Rg8+ 34. Kf1 Rxc3 35. Bd2 Rf3+ 36. Ke2 Rfg3 37. Ra5+ Ke6 38. Re4+ Kf6 39. Rc5
Rg2+ 40. Kd1 Rd8 41. Rxc6+ Kf5 42. Rf4+ Ke5 43. Rc5+ Ke6 44. Re4+ Kf6 45. Rc2
Kf5 46. Re1 Rd5 47. Kc1 Rf2 48. Rb2 Rc5+ 49. Rc2 Rxc2+ 50. Kxc2 Rg2 51. Kd3 Rg3+
52. Be3 Ke6 53. Ke4 Rg4+ 54. Bf4 Rh4 55. Ra1 Rh5 56. Ra6+ Kd7 57. Be5 Rh1 58.
Kd5 Rd1+ 59. Bd4 Kd8 60. Ra7 Rd2 61. Ke5 Rd1 62. Bc5 Kc8 63. Bd6 Rc1 64. Ke6 Rc2
65. Kd5 Kd8 66. Bc5 Re2 67. Kc6 Ke8 68. Bd6 Re1 69. Kd5 Kd8 70. Rf7 Re2 71. Kc6
Re1 72. Bc5 Re6+ 73. Bd6 Re1 74. Rh7 Re2 75. Rh8+ Re8 76. Rh2 Re1 77. Rf2 Re6
78. Ra2 Ke8 79. Rf2 Kd8 80. Rf7 Re1 81. Kd5 Ke8 82. Ra7 Kd8 83. Rb7 Ke8 84. Be5
Kd8 85. Ke6 Rc1 86. Rb6 Rc2 87. Bd4 Kc7 88. Rb5 Kc6 89. Rb3 Re2+ 90. Be3 Rc2 91.
Rb8 Kc7 92. Bf4+ 1-0

[Event "FIDE World Blitz 2014"]
[Site "Dubai UAE"]
[Date "2014.06.19"]
[Round "1.11"]
[White "Yu, Yangyi"]
[Black "Gundavaa, Bayarsaikhan"]
[Result "0-1"]
[WhiteTitle "GM"]
[BlackTitle "GM"]
[WhiteElo "2675"]
[BlackElo "2501"]
[WhiteFideId "8603820"]
[BlackFideId "4901045"]
[EventDate "2014.06.19"]

1. e4 c5 2. Nf3 Nc6 3. Bb5 d6 4. O-O Bd7 5. Re1 Nf6 6. h3 a6 7. Bf1 e5 8. c3 Be7
9. d4 Qc7 10. d5 Nd8 11. c4 b5 12. b3 O-O 13. Qc2 Nb7 14. Nc3 b4 15. Nd1 a5 16.
a4 Rae8 17. Ne3 g6 18. g3 Kh8 19. Bg2 Ng8 20. Bb2 Bf6 21. Nd2 Qd8 22. Rf1 Qe7
23. Rae1 Bg7 24. Kh2 f5 25. f4 exf4 26. Rxf4 Bxb2 27. Qxb2+ Qe5 28. Qc1 g5 29.
Nf3 Qg7 30. Nxf5 Qf6 31. Rg4 h6 32. Rf1 Bxf5 33. exf5 Qc3 34. Qd1 Nf6 35. Kh1
Nxg4 36. hxg4 Re3 37. Kh2 Nd8 38. Re1 Rfe8 39. Rf1 Nf7 40. Qb1 Qxb3 41. Qc1 Qc3
42. Qb1 b3 43. f6 Qc2 44. Qa1 Re2 45. Rg1 b2 46. Qa2 b1=Q 47. Qxb1 Rxg2+ 48. Kh3
Qxb1 49. Rxb1 Rf2 50. Rb3 Kh7 51. Rc3 Kg6 52. Rb3 Ree2 53. Rc3 Kxf6 54. Rb3 Ne5
55. Rb6 Nxf3 56. Rxd6+ Ke5 0-1

[Event "FIDE World Blitz 2014"]
[Site "Dubai UAE"]
[Date "2014.06.19"]
[Round "1.12"]
[White "Moiseenko, Alexander"]
[Black "Mamedov, Rauf"]
[Result "1-0"]
[WhiteTitle "GM"]
[BlackTitle "GM"]
[WhiteElo "2707"]
[BlackElo "2659"]
[WhiteFideId "14102560"]
[BlackFideId "13401653"]
[EventDate "2014.06.19"]

1. d4 d6 2. e4 e5 3. dxe5 dxe5 4. Qxd8+ Kxd8 5. Bc4 Be6 6. Bxe6 fxe6 7. Be3 Bd6
8. f3 Ke7 9. Nd2 Nf6 10. Nh3 Nbd7 11. Nf2 a6 12. Ke2 b5 13. Rhd1 Rhd8 14. Nb3 a5
15. a4 Rdb8 16. Nd3 b4 17. Nd2 Nb6 18. Bxb6 Rxb6 19. Nc4 Rc6 20. b3 Nd7 21. Rd2
g5 22. h4 gxh4 23. Rh1 Rg8 24. Kf1 Ra6 25. Rxh4 Rg7 26. Rh5 Kf6 27. f4 Ke7 28.
fxe5 Bc5 29. Nf4 Ra8 30. Rh6 Rf8 31. Rxe6+ Kd8 32. Rf6 Kc8 33. Rxf8+ Bxf8 34.
Nxa5 Nxe5 35. Ne6 Rf7+ 36. Rf2 Rxf2+ 37. Kxf2 Be7 38. Nc4 Nc6 39. Ke2 Kd7 40.
Nf4 Nd4+ 41. Kd3 Nc6 42. Nd5 Bc5 43. e5 Ke6 44. Ke4 Nd4 45. Nf4+ Kd7 46. Ne3 c6
47. a5 Nb5 48. Nc4 Ke7 49. Nd3 Ba7 50. Nxb4 Kd7 51. Nd3 Nc3+ 52. Kf5 Nd5 53. e6+
Ke7 54. Nde5 Ke8 55. Nd6+ Ke7 56. Nxc6+ Kxd6 57. Nxa7 Ne3+ 58. Kf6 Ng4+ 59. Kf7
Ne5+ 60. Kg7 Kxe6 61. Kxh7 Ng4 62. a6 Kd6 63. Nb5+ Kc6 64. c4 Ne3 65. a7 Kb7 66.
g3 Nf5 67. g4 1-0

[Event "FIDE World Blitz 2014"]
[Site "Dubai UAE"]
[Date "2014.06.19"]
[Round "1.13"]
[White "Korobov, Anton"]
[Black "Durarbayli, Vasif"]
[Result "1-0"]
[WhiteTitle "GM"]
[BlackTitle "GM"]
[WhiteElo "2680"]
[BlackElo "2590"]
[WhiteFideId "14105730"]
[BlackFideId "13402935"]
[EventDate "2014.06.19"]

1. d4 Nf6 2. Nf3 b6 3. Bg5 Ne4 4. Bh4 Bb7 5. e3 g6 6. Nbd2 Bg7 7. Nxe4 Bxe4 8.
Bd3 Bb7 9. O-O O-O 10. c3 d6 11. e4 Nd7 12. Re1 Qe8 13. a4 a6 14. Qb3 e5 15.
Rad1 Rb8 16. Bb1 h6 17. Bg3 Kh7 18. h4 Bc8 19. h5 b5 20. axb5 Rxb5 21. Qa3 Nb6
22. Bd3 exd4 23. Bxb5 Qxb5 24. hxg6+ fxg6 25. Nxd4 Qg5 26. Qa1 h5 27. Qc1 Qg4
28. Bh2 Nc4 1-0

[Event "FIDE World Blitz 2014"]
[Site "Dubai UAE"]
[Date "2014.06.19"]
[Round "1.14"]
[White "Adly, Ahmed"]
[Black "Svidler, Peter"]
[Result "0-1"]
[WhiteTitle "GM"]
[BlackTitle "GM"]
[WhiteElo "2594"]
[BlackElo "2753"]
[WhiteFideId "10601619"]
[BlackFideId "4102142"]
[EventDate "2014.06.19"]

1. d4 Nf6 2. Nf3 g6 3. e3 Bg7 4. b3 c5 5. Bb2 cxd4 6. Nxd4 O-O 7. Be2 Nc6 8. O-O
d5 9. Nxc6 bxc6 10. c4 a5 11. cxd5 cxd5 12. Nc3 Ne4 13. Qc1 Nxc3 14. Bxc3 e5 15.
Rd1 d4 16. exd4 exd4 17. Bf3 Ra6 18. Qd2 Be6 19. Qd3 Rd6 20. Bb2 Bf5 21. Be4
Bxe4 22. Qxe4 Re8 23. Qd3 Rde6 24. g3 Qd5 25. Bc3 h5 26. h4 g5 27. hxg5 h4 28.
Bd2 h3 29. f3 Re3 30. Bxe3 Qxf3 31. Qf1 Qxg3+ 32. Kh1 dxe3 33. g6 fxg6 34. Qc4+
Kh7 35. Rg1 Qf3+ 36. Kh2 Be5+ 0-1

[Event "FIDE World Blitz 2014"]
[Site "Dubai UAE"]
[Date "2014.06.19"]
[Round "1.15"]
[White "Nguyen, Ngoc Truong Son"]
[Black "Sandipan, Chanda"]
[Result "1/2-1/2"]
[WhiteTitle "GM"]
[BlackTitle "GM"]
[WhiteElo "2621"]
[BlackElo "2594"]
[WhiteFideId "12401110"]
[BlackFideId "5004225"]
[EventDate "2014.06.19"]

1. d4 f5 2. c4 Nf6 3. Nf3 e6 4. g3 g6 5. Bg2 Bg7 6. O-O O-O 7. d5 exd5 8. cxd5
d6 9. Nc3 a5 10. Nd4 Na6 11. Bg5 Nc5 12. Rc1 h6 13. Bd2 Qe7 14. Ncb5 Nfe4 15.
Be1 Re8 16. b3 Qd8 17. a3 Bd7 18. b4 axb4 19. axb4 Na6 20. Nc3 Qf6 21. e3 Nxc3
22. Bxc3 Qf7 23. Qd2 Kh7 24. h4 Rab8 25. Ne2 Bxc3 26. Qxc3 Bb5 27. Rfe1 Bxe2 28.
Rxe2 Qe7 29. Rec2 Qe5 30. Bf1 Qxc3 31. Rxc3 Nxb4 32. Rxc7+ Kh8 33. Rd7 Nxd5 34.
Rxd6 Ne7 35. Bb5 Rec8 36. Rxc8+ Rxc8 37. Rd7 Nc6 38. h5 gxh5 39. Rxb7 Ne5 40.
Be2 Ng4 41. Rf7 Rc2 42. Bxg4 fxg4 43. Rf5 Kg7 44. Rxh5 Kg6 45. Rd5 h5 46. Kf1
Ra2 47. Ke1 Ra1+ 48. Ke2 Ra2+ 49. Rd2 Ra4 50. Rb2 Rc4 51. Kd3 Ra4 52. Rb6+ Kg5
53. Rb5+ Kg6 54. Rb2 Ra3+ 55. Ke4 Ra4+ 56. Kd5 Ra5+ 57. Kd4 Ra4+ 58. Kd3 Ra3+
59. Ke2 Ra4 60. Rc2 Kg5 61. Rc5+ Kg6 62. Kd3 Ra3+ 63. Ke4 Ra2 64. f4 Rg2 65.
Rc6+ Kg7 66. f5 Rxg3 67. Kf4 Rf3+ 68. Kg5 Rxe3 69. Rc7+ Kf8 70. Kg6 g3 71. Rc8+
Re8 72. Rc3 g2 73. Rg3 Re2 74. Kxh5 Kf7 75. Kg5 Rf2 76. Rg4 Kg7 77. Rg3 Kf7 78.
Rg4 Kg7 1/2-1/2

[Event "FIDE World Blitz 2014"]
[Site "Dubai UAE"]
[Date "2014.06.19"]
[Round "1.16"]
[White "Moradiabadi, Elshan"]
[Black "Bacrot, Etienne"]
[Result "0-1"]
[WhiteTitle "GM"]
[BlackTitle "GM"]
[WhiteElo "2586"]
[BlackElo "2720"]
[WhiteFideId "12501255"]
[BlackFideId "605506"]
[EventDate "2014.06.19"]

1. d4 Nf6 2. Bg5 d5 3. Bxf6 gxf6 4. e3 c5 5. Bb5+ Nc6 6. Ne2 e5 7. Nbc3 Be6 8.
O-O a6 9. Bxc6+ bxc6 10. f4 Bd6 11. dxe5 fxe5 12. f5 Bd7 13. Ne4 Bf8 14. Nf2
Bxf5 15. Ng3 Bg6 16. Ng4 Qd6 17. Rf6 Qc7 18. Rf2 O-O-O 19. Qe2 Qb6 20. c3 Bd6
21. Nf5 Rhe8 22. Raf1 c4 23. Kh1 Bc5 24. b4 Bf8 25. a4 Re6 26. a5 Qb5 27. Nh4
Bd3 28. Qf3 Bxf1 29. Qxf7 Re7 30. Qf5+ Kb8 31. Rxf1 Bg7 32. Qg5 Qb7 33. Kg1 Rde8
34. Nf5 Rd7 35. Qh5 Rdd8 36. Qxh7 Bf8 37. Qg6 d4 38. exd4 exd4 39. Nxd4 Rc8 40.
Rf7 Re7 41. Rf6 Re1+ 42. Kf2 Qe7 43. Re6 Rxe6 44. Qxe6 Qxe6 45. Nxe6 Bd6 46. h4
Re8 47. Nd4 c5 48. Nc2 cxb4 49. cxb4 Bf4 50. Kf3 Bd2 51. h5 c3 52. Nf2 0-1

[Event "FIDE World Blitz 2014"]
[Site "Dubai UAE"]
[Date "2014.06.19"]
[Round "1.18"]
[White "Ragger, Markus"]
[Black "Movsesian, Sergei"]
[Result "1-0"]
[WhiteTitle "GM"]
[BlackTitle "GM"]
[WhiteElo "2632"]
[BlackElo "2672"]
[WhiteFideId "1610856"]
[BlackFideId "310204"]
[EventDate "2014.06.19"]

1. d4 Nf6 2. c4 e6 3. Nf3 d5 4. g3 Bb4+ 5. Bd2 Be7 6. Bg2 c6 7. Qc2 O-O 8. O-O
Nbd7 9. Rd1 b6 10. b3 Bb7 11. Nc3 Rc8 12. e4 dxe4 13. Ng5 h6 14. Ngxe4 Nxe4 15.
Nxe4 Nf6 16. Be3 Qd7 17. Nxf6+ Bxf6 18. c5 Ba6 19. a4 Rfd8 20. b4 bxc5 21. bxc5
Rb8 22. Qe4 Rdc8 23. Rab1 Rxb1 24. Rxb1 Bc4 25. Qf4 Bd5 26. Bxd5 Qxd5 27. Rb7 a5
28. Qd6 Qe4 29. Qd7 Rf8 30. Rb6 Bg5 31. Qxc6 Qd3 32. Bxg5 hxg5 33. Qd6 Qd1+ 34.
Kg2 Qxa4 35. c6 Qc2 36. c7 Qe4+ 37. Kf1 Qd3+ 38. Kg1 g4 39. Qxf8+ Kxf8 40. c8=Q+
Ke7 41. Qc5+ Kf6 42. Qe5+ Kg6 43. Qe3 Qc2 44. Qb3 Qc1+ 45. Kg2 Kh5 46. Rb5+ g5
47. Qb1 Qc6+ 48. d5 exd5 49. Qh7+ 1-0

[Event "FIDE World Blitz 2014"]
[Site "Dubai UAE"]
[Date "2014.06.19"]
[Round "1.19"]
[White "Tkachiev, Vladislav"]
[Black "Sokolov, Ivan"]
[Result "1/2-1/2"]
[WhiteTitle "GM"]
[BlackTitle "GM"]
[WhiteElo "2625"]
[BlackElo "2650"]
[WhiteFideId "618438"]
[BlackFideId "14400030"]
[EventDate "2014.06.19"]

1. d4 Nf6 2. c4 e6 3. Nf3 d5 4. g3 Bb4+ 5. Bd2 Bd6 6. Bg2 c6 7. Nc3 Nbd7 8. Qb3
h6 9. O-O O-O 10. Rad1 Qe7 11. Rfe1 dxc4 12. Qxc4 e5 13. e4 Nb6 14. Qb3 Bg4 15.
dxe5 Bxe5 16. Nxe5 Qxe5 17. f3 Be6 18. Qc2 Rad8 19. b3 Qc7 20. Ne2 Bc8 21. Bc3
Nbd7 22. Qb2 Rde8 23. Nf4 Ne5 24. Nd3 Nxd3 25. Rxd3 Re6 26. Red1 Qb6+ 27. Kh1 c5
28. Qd2 Rfe8 29. e5 Nh7 30. f4 R6e7 31. Rd8 Nf8 32. Rxe8 Rxe8 33. Qd6 Qxd6 34.
Rxd6 b6 35. Kg1 Be6 36. Kf2 h5 37. h3 Ng6 38. Be4 Ne7 39. Kg2 Nf5 40. Rd3 g6 41.
Bc6 Rc8 42. Bb7 Rb8 43. Be4 b5 44. Ba5 c4 45. bxc4 bxc4 46. Rd8+ Rxd8 47. Bxd8
c3 48. Kf2 Bxa2 49. Ba5 c2 50. Bxc2 Nd4 51. Be4 Be6 52. Kg2 Nb3 53. Bc3 a5 54.
Bc2 a4 55. Bb4 Bd5+ 56. Kf2 Be6 57. Kg2 Bd5+ 58. Kf2 Be6 1/2-1/2

[Event "FIDE World Blitz 2014"]
[Site "Dubai UAE"]
[Date "2014.06.19"]
[Round "1.21"]
[White "Wojtaszek, Radoslaw"]
[Black "Fier, Alexandr"]
[Result "1-0"]
[WhiteTitle "GM"]
[BlackTitle "GM"]
[WhiteElo "2715"]
[BlackElo "2580"]
[WhiteFideId "1118358"]
[BlackFideId "2107139"]
[EventDate "2014.06.19"]

1. d4 Nf6 2. c4 g6 3. Nc3 Bg7 4. e4 O-O 5. Nf3 d6 6. Be2 e5 7. Be3 Nbd7 8. d5
Nc5 9. Nd2 a5 10. a3 Bd7 11. b4 axb4 12. axb4 Na6 13. Rb1 c6 14. O-O cxd5 15.
cxd5 Nc7 16. b5 Kh8 17. Nc4 Nce8 18. Ra1 Rc8 19. Qb3 Ng4 20. Bxg4 Bxg4 21. f3
Bd7 22. Nb6 Rb8 23. Qb4 Bh6 24. Bxh6 Qxb6+ 25. Kh1 Rg8 26. Bd2 Rc8 27. Rfe1 Qc7
28. Rac1 Qc4 29. Qb2 Nf6 30. b6 Kg7 31. Ne2 Qd3 32. Bb4 Qb5 33. Ba3 Qxb2 34.
Bxb2 Rxc1 35. Nxc1 Rc8 36. Ba3 Ne8 37. g3 Rc3 38. Bb2 Rc2 39. Ba1 Bb5 40. f4 f6
41. Nb3 Ba6 42. Rc1 Bd3 43. Rxc2 Bxe4+ 44. Kg1 Bxc2 45. Na5 Be4 46. Nxb7 Bxd5
47. Nd8 Kf8 48. b7 Bxb7 49. Nxb7 Ke7 50. Kf2 Ke6 51. Ke3 Nc7 52. Bb2 Nd5+ 53.
Kf3 f5 54. Nd8+ Kd7 55. Nf7 e4+ 56. Kf2 Nb4 57. Bc3 Nc6 58. Ng5 h5 59. Nf7 d5
60. Ke3 Ke6 61. Ne5 Ne7 62. Bb4 Ng8 63. Nxg6 Nf6 64. h3 Kf7 65. Ne5+ Ke6 66. Kd4
h4 67. gxh4 Nh5 68. Bd2 Ng3 69. Nc6 Kd6 70. Nb4 Ne2+ 71. Ke3 Ng3 72. Bc3 Kc5 73.
Nc2 Kc4 74. Be5 Nf1+ 75. Kf2 Nd2 76. h5 Kd3 77. Nb4+ Kc4 78. h6 d4 79. h7 e3+
80. Ke2 Ne4 81. h8=Q Nc3+ 82. Kf3 1-0

[Event "FIDE World Blitz 2014"]
[Site "Dubai UAE"]
[Date "2014.06.19"]
[Round "1.22"]
[White "Ghaem Maghami, Ehsan"]
[Black "Tomashevsky, Evgeny"]
[Result "0-1"]
[WhiteTitle "GM"]
[BlackTitle "GM"]
[WhiteElo "2582"]
[BlackElo "2695"]
[WhiteFideId "12500739"]
[BlackFideId "4147235"]
[EventDate "2014.06.19"]

1. e4 c6 2. d4 d5 3. exd5 cxd5 4. c4 Nf6 5. Nc3 g6 6. Qb3 Bg7 7. cxd5 O-O 8. Be2
Na6 9. Bf3 Qb6 10. Nge2 Qxb3 11. axb3 Nb4 12. O-O Rd8 13. Ra5 a6 14. Bf4 Bg4 15.
Bxg4 Nxg4 16. Rc5 Nf6 17. d6 exd6 18. Rc4 Nbd5 19. Bg3 Rd7 20. Rc1 h5 21. h3 Bh6
22. Re1 Re8 23. Kf1 Nb6 24. Rb4 Nfd5 25. Nxd5 Nxd5 26. Rc4 Rde7 27. Bxd6 Re6 28.
Be5 f6 29. Rc5 Nb4 30. f4 fxe5 31. Rxe5 Nd3 32. Rxe6 Rxe6 33. Rd1 Nxf4 0-1

[Event "FIDE World Blitz 2014"]
[Site "Dubai UAE"]
[Date "2014.06.19"]
[Round "1.24"]
[White "Aleksandrov, Aleksej"]
[Black "Efimenko, Zahar"]
[Result "0-1"]
[WhiteTitle "GM"]
[BlackTitle "GM"]
[WhiteElo "2554"]
[BlackElo "2648"]
[WhiteFideId "13500139"]
[BlackFideId "14107201"]
[EventDate "2014.06.19"]

1. d4 Nf6 2. c4 e6 3. Nc3 Bb4 4. e3 O-O 5. Bd3 c5 6. Nf3 b6 7. O-O Bxc3 8. bxc3
Bb7 9. Re1 Ne4 10. Qc2 f5 11. Nd2 Qh4 12. g3 Qf6 13. f4 Nxd2 14. Bxd2 Nc6 15.
dxc5 bxc5 16. e4 fxe4 17. Bxe4 h6 18. Rab1 Rab8 19. Be3 Qe7 20. Rbd1 Na5 21.
Bxb7 Rxb7 22. Qe4 Rb2 23. a4 Ra2 24. Ra1 Rxa1 25. Rxa1 Rb8 26. Rd1 d6 27. f5 Re8
28. fxe6 Qxe6 29. Qxe6+ Rxe6 30. Bf4 Nxc4 31. Rb1 g5 32. Bc1 Re1+ 33. Kf2 Rh1
34. Ke2 d5 35. Kd3 Kf7 36. Rb7+ Ke6 37. Kc2 Rxh2+ 38. Kb3 Na5+ 0-1

[Event "FIDE World Blitz 2014"]
[Site "Dubai UAE"]
[Date "2014.06.19"]
[Round "1.25"]
[White "Najer, Evgeniy"]
[Black "Onischuk, Vladimir"]
[Result "0-1"]
[WhiteTitle "GM"]
[BlackTitle "GM"]
[WhiteElo "2653"]
[BlackElo "2594"]
[WhiteFideId "4118987"]
[BlackFideId "14114038"]
[EventDate "2014.06.19"]

1. e4 d6 2. d4 Nf6 3. Nc3 g6 4. Nf3 Bg7 5. Be3 a6 6. Qd2 b5 7. Bh6 O-O 8. Bxg7
Kxg7 9. Bd3 Bb7 10. e5 Nd5 11. Ne4 f6 12. h4 h6 13. h5 g5 14. O-O-O Nf4 15.
exf6+ exf6 16. Ng3 Bc8 17. Nh4 Nxd3+ 18. Qxd3 gxh4 19. Qg6+ Kh8 20. Qxh6+ Kg8
21. Qg6+ Kh8 22. Rxh4 Qe7 23. h6 Qh7 24. Qxh7+ Kxh7 25. Re1 Nc6 26. Nh5 Bf5 27.
Ng7 Bg6 28. c3 Rf7 29. g4 Re7 30. Rxe7 Nxe7 31. f4 c5 32. dxc5 dxc5 33. Ne6 c4
34. f5 Bf7 35. Nf4 Nd5 36. Ne2 Re8 37. Kd2 Re4 38. Nd4 Nf4 39. Rh2 Nd3 40. Rg2
Nxb2 41. g5 fxg5 42. Rxg5 Kxh6 43. Rg3 b4 44. Nf3 b3 45. axb3 cxb3 46. Nd4 a5
47. f6 Re5 48. Rh3+ Kg6 0-1

[Event "FIDE World Blitz 2014"]
[Site "Dubai UAE"]
[Date "2014.06.19"]
[Round "1.27"]
[White "Fressinet, Laurent"]
[Black "Al-Modiahki, Mohamad"]
[Result "1-0"]
[WhiteTitle "GM"]
[BlackTitle "GM"]
[WhiteElo "2717"]
[BlackElo "2549"]
[WhiteFideId "608742"]
[BlackFideId "12100030"]
[EventDate "2014.06.19"]

1. e4 c5 2. Nf3 g6 3. c3 Bg7 4. d4 cxd4 5. cxd4 d5 6. e5 Nc6 7. h3 Nh6 8. Bb5
O-O 9. O-O Qb6 10. Nc3 Nf5 11. Bxc6 bxc6 12. b3 f6 13. Na4 Qb5 14. exf6 exf6 15.
Re1 Bd7 16. Nc5 Rad8 17. Bf4 Bc8 18. Qd2 Rfe8 19. Bc7 Rxe1+ 20. Rxe1 Rf8 21. a4 1-0

[Event "FIDE World Blitz 2014"]
[Site "Dubai UAE"]
[Date "2014.06.19"]
[Round "1.28"]
[White "Yudin, Sergei"]
[Black "Riazantsev, Alexander"]
[Result "1-0"]
[WhiteTitle "GM"]
[BlackTitle "GM"]
[WhiteElo "2546"]
[BlackElo "2692"]
[WhiteFideId "4159659"]
[BlackFideId "4125029"]
[EventDate "2014.06.19"]

1. e4 c6 2. d4 d5 3. exd5 cxd5 4. Bd3 Nc6 5. c3 Nf6 6. h3 g6 7. Nf3 Bf5 8. O-O
Bxd3 9. Qxd3 Bg7 10. Bf4 O-O 11. Nbd2 e6 12. Rfe1 Re8 13. Ne5 Nxe5 14. Bxe5 Nd7
15. Bxg7 Kxg7 16. Nf3 Qc7 17. h4 h5 18. g3 Rab8 19. Ng5 Nf6 20. Re2 b5 21. a3 a5
22. Rae1 Rb6 23. Re3 b4 24. axb4 axb4 25. Rf3 Re7 26. Rf4 bxc3 27. bxc3 Ng4 28.
Kg2 Rc6 29. Rf3 Nh6 30. Ra1 Qc8 31. Ra3 Nf5 32. Qe2 Qb8 33. Rxf5 gxf5 34. Qxh5
Qh8 35. Qe2 f6 36. Nh3 Kf7 37. Nf4 Qh6 38. Qf3 Rd6 39. Ra8 Red7 40. Qe2 Qh7 41.
Qb5 e5 42. Nd3 Qg7 43. Nc5 Re7 44. Qb8 Rc6 45. Qd8 f4 46. Qxd5+ Kg6 47. Rg8 f3+
48. Kxf3 1-0

[Event "FIDE World Blitz 2014"]
[Site "Dubai UAE"]
[Date "2014.06.19"]
[Round "1.31"]
[White "Caruana, Fabiano"]
[Black "Salem, A.R. Saleh"]
[Result "1-0"]
[WhiteTitle "GM"]
[BlackTitle "GM"]
[WhiteElo "2791"]
[BlackElo "2581"]
[WhiteFideId "2020009"]
[BlackFideId "9301348"]
[EventDate "2014.06.19"]

1. Nf3 d5 2. g3 Nc6 3. d4 Bg4 4. Bg2 Qd7 5. O-O O-O-O 6. c4 dxc4 7. Nbd2 e5 8.
Qa4 a6 9. Nxc4 Bxf3 10. exf3 exd4 11. f4 Nf6 12. Bd2 Nd5 13. Rac1 Kb8 14. Qb3 h5
15. Rfe1 h4 16. Ne5 Nxe5 17. Rxe5 Nb6 18. Ba5 Rh6 19. Qf3 c5 20. g4 h3 21. Bxh3
Rc8 22. Bg2 d3 23. g5 Rd6 24. b3 c4 25. Bh3 Qc6 26. Qxc6 Rcxc6 27. Bxb6 d2 28.
Rd1 Rxb6 29. bxc4 Rd8 30. Bg2 Bb4 31. Bd5 f6 32. Re2 fxg5 33. fxg5 Rh8 34. Kg2
Rh4 35. Kg3 Rd4 36. h4 Bd6+ 37. Kh3 Bf4 38. Re8+ Ka7 39. Re7 g6 40. Rf7 Be5 41.
Re7 Bf4 42. Kg2 Rb2 43. Kf3 Bd6 44. Rd7 Bc5 45. Ke2 Rf4 46. f3 Rxh4 47. Kd3 Rb6
48. Rxd2 Rf4 49. Be4 Rh4 50. Kc2 Rh5 51. R2d5 Be3 52. c5 Rb5 53. c6 Rxg5 54.
Rxg5 Bxg5 55. cxb7 Bf4 56. Rd8 Rc5+ 57. Kd3 g5 58. Ra8+ Kb6 59. b8=Q+ 1-0

[Event "FIDE World Blitz 2014"]
[Site "Dubai UAE"]
[Date "2014.06.19"]
[Round "1.32"]
[White "Glek, Igor"]
[Black "Sargissian, Gabriel"]
[Result "0-1"]
[WhiteTitle "GM"]
[BlackTitle "GM"]
[WhiteElo "2438"]
[BlackElo "2686"]
[WhiteFideId "4100484"]
[BlackFideId "13300881"]
[EventDate "2014.06.19"]

1. e4 e5 2. Nf3 Nc6 3. Nc3 Nf6 4. g3 Bc5 5. Bg2 d6 6. d3 a6 7. O-O Bg4 8. h3
Bxf3 9. Qxf3 Nd4 10. Qd1 h5 11. h4 Ne6 12. Nd5 c6 13. Ne3 g6 14. c3 Qe7 15. b4
Ba7 16. a4 O-O 17. Kh1 Kg7 18. Qe1 Bxe3 19. Bxe3 d5 20. f4 exf4 21. gxf4 dxe4
22. dxe4 Ng4 23. f5 Nc7 24. f6+ Nxf6 25. Bd4 Ne8 26. Bc5 Qe5 27. Bd4 Qe7 28. Qf2
Rd8 29. e5 Ng4 30. Qg3 Nc7 31. e6+ Rxd4 32. cxd4 Nxe6 33. Rad1 Qxb4 34. Bh3 Rd8
35. Bxg4 hxg4 36. Qe5+ Kg8 37. Rxf7 Kxf7 38. Rf1+ Ke7 39. Qf6+ Kd7 40. Qe5 Re8
41. d5 cxd5 42. Rf7+ Re7 43. Qxd5+ Ke8 44. Rf1 0-1

[Event "FIDE World Blitz 2014"]
[Site "Dubai UAE"]
[Date "2014.06.19"]
[Round "1.34"]
[White "Kayumov, Sergey"]
[Black "Eljanov, Pavel"]
[Result "1/2-1/2"]
[WhiteTitle "GM"]
[BlackTitle "GM"]
[WhiteElo "2505"]
[BlackElo "2723"]
[WhiteFideId "14200880"]
[BlackFideId "14102951"]
[EventDate "2014.06.19"]

1. d4 Nf6 2. Nf3 e6 3. Bf4 c5 4. e3 Nc6 5. c3 d5 6. Nbd2 Bd6 7. Bg3 O-O 8. Bb5
Qe7 9. O-O Bxg3 10. hxg3 Bd7 11. Bxc6 Bxc6 12. Ne5 Rac8 13. Re1 b6 14. Qe2 Bb7
15. a4 Nd7 16. Nxd7 Qxd7 17. a5 Qc7 18. axb6 axb6 19. f4 Ra8 20. Nf3 f6 21. Qf1
Bc6 22. Rxa8 Rxa8 23. Ra1 Ra7 24. g4 Be8 25. g5 Bh5 26. gxf6 gxf6 27. Rxa7 Qxa7
28. Qb5 Bxf3 29. gxf3 Kf7 30. Kf2 h5 31. Qc6 f5 32. b4 h4 33. bxc5 bxc5 34. Kg2
c4 35. Kh3 Qe7 36. e4 fxe4 37. fxe4 Qf6 38. f5 dxe4 39. Qxe6+ Qxe6 40. fxe6+
Kxe6 41. Kxh4 Kf5 42. Kg3 Kg5 43. Kf2 Kf4 44. Ke2 e3 45. Ke1 Ke4 46. Ke2 Kf4 47.
Ke1 Ke4 48. Ke2 1/2-1/2

[Event "FIDE World Blitz 2014"]
[Site "Dubai UAE"]
[Date "2014.06.19"]
[Round "1.35"]
[White "Vitiugov, Nikita"]
[Black "Vahidov, Tair"]
[Result "1-0"]
[WhiteTitle "GM"]
[BlackTitle "GM"]
[WhiteElo "2742"]
[BlackElo "2446"]
[WhiteFideId "4152956"]
[BlackFideId "14200155"]
[EventDate "2014.06.19"]

1. d4 Nf6 2. Bg5 g6 3. Bxf6 exf6 4. c4 Bg7 5. Nc3 f5 6. e3 O-O 7. g3 d6 8. Bg2
Nd7 9. Nge2 c6 10. O-O Re8 11. b4 Nb6 12. Qd3 Be6 13. c5 Nc4 14. Nf4 d5 15. b5
g5 16. Nfe2 h6 17. Rab1 a6 18. bxc6 bxc6 19. Na4 Qa5 20. Nb6 Rab8 21. Nxc4 dxc4
22. Qc2 Qc7 23. Qa4 Rb5 24. Qxa6 Reb8 25. Rxb5 cxb5 26. Nc3 b4 27. Nb5 Qc8 28.
Qxc8+ Bxc8 29. Na7 Ba6 30. Nc6 Rb5 31. Rb1 b3 32. axb3 cxb3 33. Bf1 1-0